History Quiz

Random History or Decade Quiz
Score 0/30 Timer 08:00
1 Play Today
Date Answer % Correct
August 21, 1959Hawaii
89.6%
January 14, 1954Marilyn Monroe
85.3%
January 27, 1756Mozart
85.2%
April 18, 1955Albert Einstein
83.1%
October 4, 1957Sputnik 1
81.2%
July 6, 1758Pope
76.8%
July 16, 1951The Catcher in the Rye
76.1%
July 28, 1750Johann Sebastian Bach
74.9%
October 8, 1956World Series
71.1%
June 5, 1851Uncle Tom's Cabin
68.3%
October 31, 1754Columbia University
68.3%
July 27, 1953Korean War
66.5%
October 21, 1854Florence Nightingale
65.4%
December 2, 1859John Brown
63.9%
February 1753George Washington
62.8%
Date Answer % Correct
February 15, 1950Cinderella
60.9%
May 11, 1751Benjamin Franklin
53.1%
January 1759Voltaire
51.9%
March 4, 1853Franklin Pierce
49.9%
March 6, 1857Dred Scott
46.4%
July 5, 1852Frederick Douglass
46.3%
1858Chess
44.3%
September 1850Millard Fillmore
43.5%
November 17, 1855David Livingstone
40.6%
March 23, 1752Halifax
40.5%
November 4, 1952Adlai Stevenson
40.4%
March 30, 1856Crimean War
35.5%
August 11, 1757Delhi
25.4%
February 1, 1958United Arab Republic
20.7%
November 1, 1755Lisbon
18.8%
Remove Ads.
Support Sporcle.
Get the best of Sporcle when you Go Orange. This ad-free experience offers more features, more stats, and more fun while also helping to support Sporcle. Thank you for becoming a member.

You're not logged in!

Compare scores with friends on all Sporcle quizzes.
OR
Log In

Show Comments

Extras

Top Quizzes Today


Score Distribution

Your Account Isn't Verified!

In order to create a playlist on Sporcle, you need to verify the email address you used during registration. Go to your Sporcle Settings to finish the process.

Report this User

Report this user for behavior that violates our Community Guidelines.

Details: